000 01268nam a2200325 i 4500
003 DO-SdBNP
005 20260520103252.0
007 ta
008 260505b2024 dr a|||| |||| 00| 0 spa d
020 _a9789945623291
040 _aDO-SdBNP
_bspa
_cBNPHU
_erda
041 _aspa
082 4 _a327.729307294
_bR426d
_2©2024.
110 1 _aRepública Dominicana
_bMinisterio de Relaciones Exteriores
_972686
245 1 3 _aLa diplomacia dominicana ante la crisis haitiana 2020-2024 :
_bdiscursos y otros escritos clave /
_ceditores, Álvarez R., Silié R., Muñiz A.
250 _aprimera edición
264 4 _aSanto Domingo :
_bMinisterio de Relaciones Exteriores,
_c©2024.
300 _a333 páginas ;
_bilustraciones, gráficos ;
_c23 cm.
336 _atexto
_btxt
_2rdacontent
337 _asin mediación
_bn
_2rdamedia
338 _avolumen
_bnc
_2rdacarrier
500 _aIncluye referencias bibliogrficas y notas al pie de las páginas
590 _aInventariado, 2026/BT
651 7 _aRepública Dominicana
_xRelaciones exteriores
_zHaití
_y2020-2024
_2LIBRUNAM
_989675
700 1 _aÁlvarez, R.,
_eeditor
_4ed.
_989464
700 1 _aSilié, R.,
_eeditor
_4ed.
_989465
700 1 _aMuñiz, A.,
_eeditor
_4ed.
_989466
910 _aBtavárez
942 _2ddc
_cLBS1
999 _c60662
_d60662